| 000 | 005380000a22001810004500 | ||
|---|---|---|---|
| 020 | _a950-12-2129-6 | ||
| 041 | 0 | _aSPA | |
| 082 | 0 | 4 | _aG 371.26 C183e |
| 100 | 1 | _aCamilloni, Alicia W. de | |
| 245 | 1 | 0 | _aLa evaluación de los aprendizajes en el debate didáctico contemporáneo / Alicia R. W. de Camilloni, [et. al.] |
| 260 | _aBuenos Aires, Argentina : Paidós | ||
| 300 | _a176 Pag | ||
| 001 | 9967 | ||
| 942 | _cBK | ||
| 999 |
_c39765 _d39765 |
||
| 336 |
_atexto _btxt _2rdacontent |
||
| 337 |
_2rdamedia _asin mediación _bn |
||
| 338 |
_2rdacarrier _avolumen _bnc |
||